[Event "45th Olympiad 2024"]
[Site "Budapest HUN"]
[Date "2024.09.16"]
[Round "6.30"]
[Board "4"]
[White "Mapuranga, Vitalis"]
[Black "Starostits, Ilmars"]
[Result "0-1"]
[BlackTitle "GM"]
[WhiteElo "2013"]
[BlackElo "2344"]
[WhiteTeam "Zimbabwe"]
[BlackTeam "Latvia"]
[WhiteFideId "11004380"]
[BlackFideId "11600748"]
[EventDate "2024.09.11"]

1. d4 d5 2. c4 c6 3. Nc3 Nf6 4. Nf3 a6 5. cxd5 cxd5 6. Bf4 Nc6 7. e3 Bg4 8. h3
Bxf3 9. Qxf3 e6 10. Bd3 Rc8 11. O-O Be7 12. Rac1 O-O 13. Bb1 b5 14. Rfd1 Qa5 15.
g4 Rfd8 16. g5 Ne8 17. e4 b4 18. Ne2 g6 19. e5 Rc7 20. Kg2 Rdc8 21. Rh1 Ng7 22.
h4 Nh5 23. Be3 Bf8 24. Ng3 Nxg3 25. fxg3 b3 26. axb3 Nxd4 27. Rxc7 Nxf3 28. Rxc8
Nxe5 29. Rd1 Qb5 30. Rd2 Qb7 31. Rxf8+ Kxf8 32. Bc5+ Ke8 33. Bd4 Nc6 34. Bf6 Qb4
35. Rc2 Kd7 36. Rc3 Nd4 37. Be5 Nb5 38. Rf3 Qe1 39. Rxf7+ Kc6 40. Rxh7 Qxb1 41.
Bf6 Nd6 42. h5 gxh5 43. Rxh5 Qe4+ 44. Kh3 Qh1+ 45. Kg4 Qd1+ 0-1

[Event "45th Olympiad 2024"]
[Site "Budapest HUN"]
[Date "2024.09.16"]
[Round "6.31"]
[Board "2"]
[White "Cardoso Cardoso, Jose Gabriel"]
[Black "Silva, David"]
[Result "1-0"]
[WhiteTitle "GM"]
[BlackTitle "IM"]
[WhiteElo "2508"]
[BlackElo "2363"]
[WhiteTeam "Colombia"]
[BlackTeam "Angola"]
[WhiteFideId "4430492"]
[BlackFideId "10101314"]
[EventDate "2024.09.11"]

1. e4 c5 2. Nf3 Nc6 3. d4 cxd4 4. Nxd4 e5 5. Nb5 d6 6. c4 Be7 7. Be2 Be6 8. Be3
a6 9. N5c3 Bg5 10. Qd2 Bxe3 11. Qxe3 Nd4 12. Na3 Nf6 13. O-O Rc8 14. Rfd1 Qb6
15. Rd2 O-O 16. h3 Rfd8 17. Rad1 Qc5 18. Bf1 Qb4 19. Ne2 Nxe2+ 20. Bxe2 h6 21.
Bf1 b5 22. cxb5 Bxa2 23. bxa6 Bb3 24. Re1 Nxe4 25. Rd3 Nc5 26. Rc3 Be6 27. a7 d5
28. a8=Q d4 29. Qxe5 1-0

[Event "45th Olympiad 2024"]
[Site "Budapest HUN"]
[Date "2024.09.16"]
[Round "6.31"]
[Board "3"]
[White "Junior, Domingos"]
[Black "Avila Pavas, Santiago"]
[Result "0-1"]
[WhiteTitle "FM"]
[BlackTitle "GM"]
[WhiteElo "2183"]
[BlackElo "2485"]
[WhiteTeam "Angola"]
[BlackTeam "Colombia"]
[WhiteFideId "10105972"]
[BlackFideId "4437128"]
[EventDate "2024.09.11"]

1. e4 c5 2. Nf3 d6 3. d4 cxd4 4. Nxd4 Nf6 5. Nc3 g6 6. Be3 Nc6 7. f3 h5 8. Bc4
Bg7 9. Qd2 Bd7 10. O-O-O Na5 11. Bb3 Rb8 12. h3 b5 13. g4 Qc8 14. Nd5 Nxd5 15.
exd5 Nc4 16. Bxc4 bxc4 17. c3 Qa6 18. Kb1 Qa5 19. Rhe1 Qxd5 20. Qe2 O-O 21. Ka1
Qa5 22. Qd2 Rb6 23. Qc1 Rfb8 24. Rd2 h4 25. f4 e5 26. Nf3 Ra6 27. a3 Bc6 28.
Nxh4 exf4 29. Bxf4 Rxb2 30. Rxb2 Bxc3 31. Bxd6 Be4 32. Be7 Qxa3+ 0-1

[Event "45th Olympiad 2024"]
[Site "Budapest HUN"]
[Date "2024.09.16"]
[Round "6.32"]
[Board "1"]
[White "Mwali, Chitumbo"]
[Black "Fawzy, Adham"]
[Result "0-1"]
[WhiteTitle "IM"]
[BlackTitle "GM"]
[WhiteElo "2312"]
[BlackElo "2507"]
[WhiteTeam "Zambia"]
[BlackTeam "Egypt"]
[WhiteFideId "8700265"]
[BlackFideId "10613129"]
[EventDate "2024.09.11"]

1. c4 e5 2. g3 Nf6 3. Bg2 d5 4. cxd5 Nxd5 5. Nf3 Nc6 6. O-O Nb6 7. d3 Be7 8. a3
a5 9. b3 Be6 10. Bb2 f6 11. Nbd2 O-O 12. Rc1 Qd7 13. Qc2 Rfd8 14. Rfd1 Qe8 15.
e3 Qf7 16. d4 exd4 17. Nxd4 Nxd4 18. Bxd4 Bxa3 19. Ra1 Bb4 20. Bxb7 Rab8 21. Be4
f5 22. Bc6 h6 23. Rab1 f4 24. gxf4 Rxd4 25. exd4 Nd5 26. Nf1 Nc3 27. Ng3 Nxb1
28. Rxb1 Qxf4 29. Be4 Rf8 30. Rd1 Bg4 31. Rd3 h5 32. h3 Be6 33. Rf3 Qg5 34. h4
Qxh4 35. Rxf8+ Bxf8 36. d5 Bg4 37. Qxc7 Qg5 38. d6 Qe5 39. Bg6 Bxd6 40. Qf7+ Kh8
41. Bxh5 Qe6 42. Kg2 Kh7 43. Qb7 Bh3+ 44. Kh2 Bf5 45. Bf7 Qh6+ 46. Kg1 Bxg3 47.
fxg3 Qe3+ 48. Kh2 Be4 49. Qc7 Qf2+ 50. Kh3 Bg2+ 51. Kg4 Qf3+ 52. Kh4 Qf6+ 0-1

[Event "45th Olympiad 2024"]
[Site "Budapest HUN"]
[Date "2024.09.16"]
[Round "6.32"]
[Board "2"]
[White "Wageih, Kareim"]
[Black "Kayonde, Andrew"]
[Result "1-0"]
[WhiteTitle "IM"]
[BlackTitle "IM"]
[WhiteElo "2402"]
[BlackElo "2338"]
[WhiteTeam "Egypt"]
[BlackTeam "Zambia"]
[WhiteFideId "10604561"]
[BlackFideId "8700281"]
[EventDate "2024.09.11"]

1. Nf3 Nf6 2. b3 d5 3. Bb2 e6 4. e3 Bd6 5. c4 O-O 6. g3 Re8 7. d4 dxc4 8. bxc4
b6 9. Bg2 Bb7 10. O-O c5 11. Nbd2 Nbd7 12. Re1 Qc7 13. Qb3 Rad8 14. Rad1 h6 15.
Nb1 a6 16. a4 Rc8 17. Nbd2 Bc6 18. Nh4 Bxg2 19. Nxg2 Qc6 20. Bc3 cxd4 21. exd4
e5 22. d5 Qc7 23. Ne3 Nc5 24. Qc2 Qd7 25. a5 bxa5 26. Bxa5 e4 27. Bc3 Be5 28.
Re2 Qh3 29. Bxe5 Rxe5 30. f4 exf3 31. Nxf3 Re4 32. Ng2 Qg4 33. Rxe4 Qxe4 34.
Qxe4 Ncxe4 35. Ne5 Nd6 36. Nc6 Kf8 37. Ne3 Re8 38. Rd3 Nfe4 39. Ra3 Nc5 40. Kf2
g6 41. Kf3 h5 42. Nb4 g5 43. Kf2 g4 44. Nbc2 Ra8 45. Nd4 a5 46. Nb3 Nde4+ 47.
Ke2 Nc3+ 48. Kf1 N3a4 49. Nxc5 Nxc5 50. Ke2 a4 51. Kd2 Re8 52. Nf5 Re5 53. Nd4
Re4 54. Kc3 Ke7 55. Nf5+ Kf6 56. Nd6 Re2 57. Kb4 Nd7 58. Rxa4 Ke5 59. Nxf7+ Kd4
60. Ra7 Nc5 61. Nd6 Rb2+ 62. Ka5 Rxh2 63. Kb6 Rb2+ 64. Kc6 Nd3 65. Re7 Ne5+ 66.
Kc7 Rc2 67. Nf5+ Ke4 68. Nd6+ Kd4 69. Nf5+ Ke4 70. Kd6 Kxf5 71. Rxe5+ Kg6 72. c5
Rc3 73. c6 Rxg3 74. c7 Rc3 75. Kd7 h4 76. Re6+ 1-0

[Event "45th Olympiad 2024"]
[Site "Budapest HUN"]
[Date "2024.09.16"]
[Round "6.32"]
[Board "3"]
[White "Mulenga, Prince Daniel"]
[Black "Wafa, Hamed"]
[Result "1/2-1/2"]
[WhiteTitle "FM"]
[BlackTitle "IM"]
[WhiteElo "2184"]
[BlackElo "2368"]
[WhiteTeam "Zambia"]
[BlackTeam "Egypt"]
[WhiteFideId "8701776"]
[BlackFideId "10628452"]
[EventDate "2024.09.11"]

1. Nf3 c5 2. c4 Nf6 3. Nc3 Nc6 4. e3 e6 5. d4 cxd4 6. exd4 d5 7. Bd3 Be7 8. O-O
O-O 9. a3 dxc4 10. Bxc4 Nd5 11. Qd3 Nxc3 12. bxc3 b6 13. h4 Bb7 14. Ng5 g6 15.
Re1 Bf6 16. Bf4 Ne7 17. Ba2 Rc8 18. Rac1 Nd5 19. Bd2 Qc7 20. Re4 Ne7 21. Rg4 h5
22. Ne4 Bg7 23. Rg5 Nf5 24. g4 hxg4 25. h5 Qc6 26. Re1 Nh6 27. d5 Qd7 28. c4
exd5 29. cxd5 Nf5 30. hxg6 fxg6 31. Rxg6 Nh4 32. d6+ Kh8 33. Be6 Qc6 34. Rxg4
Nf3+ 35. Kg2 Nxe1+ 36. Bxe1 Rf6 37. Bxc8 Bxc8 38. Rh4+ Kg8 39. f3 Rg6+ 40. Bg3
Be5 41. Nf6+ Kf7 42. Ne4 Bf5 43. Qb3+ Kg7 44. Kh2 Rxg3 45. Nxg3 Qxd6 46. f4 Qd2+
47. Kh1 Be4+ 48. Nxe4 Qe1+ 49. Kg2 Qxh4 50. Qg3+ Qxg3+ 51. Kxg3 Bb2 52. a4 Kf8
53. Kf3 Ke7 54. f5 Kd7 55. Ke3 Be5 56. Kd3 a6 57. Kc4 Kc6 58. Nd2 b5+ 59. axb5+
axb5+ 60. Kb3 Bf6 1/2-1/2

[Event "45th Olympiad 2024"]
[Site "Budapest HUN"]
[Date "2024.09.16"]
[Round "6.32"]
[Board "4"]
[White "Sadek, Sameh"]
[Black "Kaoma, Micheal"]
[Result "1-0"]
[WhiteTitle "FM"]
[WhiteElo "2269"]
[BlackElo "2161"]
[WhiteTeam "Egypt"]
[BlackTeam "Zambia"]
[WhiteFideId "10602771"]
[BlackFideId "8701431"]
[EventDate "2024.09.11"]

1. d4 d5 2. c4 e6 3. Nf3 Nf6 4. Nbd2 c5 5. e3 Nc6 6. a3 Be7 7. dxc5 dxc4 8. Bxc4
Bxc5 9. b4 Be7 10. Bb2 O-O 11. O-O Bd7 12. e4 a6 13. e5 Nd5 14. Ne4 Nb6 15. Bd3
Na7 16. Bb1 Ba4 17. Qc1 Nd5 18. Nc5 Bxc5 19. Qxc5 Qb6 20. Qc4 Qd8 21. Qe4 g6 22.
Ba2 Nb5 23. Rac1 Nbc7 24. Qg4 Rc8 25. Ng5 Kg7 26. Ne4 Qe7 27. Bd4 b6 28. Nf6 h6
29. Bxd5 exd5 30. e6 Qxe6 31. Nxd5+ Kh7 32. Nf6+ Kg7 33. Rxc7 Rxc7 34. Ne8+ 1-0

[Event "45th Olympiad 2024"]
[Site "Budapest HUN"]
[Date "2024.09.16"]
[Round "6.33"]
[Board "3"]
[White "Maerevoet, Sim"]
[Black "Garzon Zapatanga, Christopher Leonel"]
[Result "1/2-1/2"]
[WhiteTitle "IM"]
[WhiteElo "2432"]
[BlackElo "2216"]
[WhiteTeam "Belgium"]
[BlackTeam "Ecuador"]
[WhiteFideId "241725"]
[BlackFideId "3634787"]
[EventDate "2024.09.11"]

1. e4 c5 2. Nf3 d6 3. d4 cxd4 4. Nxd4 Nf6 5. Nc3 a6 6. h3 e5 7. Nf3 Be7 8. g4
Nc6 9. g5 Nd7 10. Be3 Nc5 11. Bc4 Be6 12. Bd5 Qc7 13. a3 O-O 14. h4 b5 15. g6 b4
16. axb4 Nxb4 17. Bxa8 Rxa8 18. gxh7+ Kh8 19. Rc1 f5 20. exf5 Bxf5 21. Ng5 Bxg5
22. hxg5 d5 23. Qf3 Nxc2+ 24. Rxc2 Bxc2 25. Qxd5 Nd3+ 26. Kf1 Rd8 27. Qe4 Ne1
28. Qg4 Qb7 29. Rh3 Qxb2 30. Bd2 Nd3 31. g6 Qb7 32. Qe4 Qxe4 33. Nxe4 Nxf2 34.
Kxf2 Bxe4 35. Bc3 Bxg6 36. Bxe5 Bxh7 37. Rg3 Rd2+ 38. Ke1 Rd7 39. Rxg7 Rxg7 40.
Kd2 Kg8 41. Bxg7 1/2-1/2

[Event "45th Olympiad 2024"]
[Site "Budapest HUN"]
[Date "2024.09.16"]
[Round "6.33"]
[Board "4"]
[White "Munoz Sanchez, Miguel"]
[Black "Hovhannisyan, Mher"]
[Result "1/2-1/2"]
[WhiteTitle "IM"]
[BlackTitle "GM"]
[WhiteElo "2181"]
[BlackElo "2414"]
[WhiteTeam "Ecuador"]
[BlackTeam "Belgium"]
[WhiteFideId "3600734"]
[BlackFideId "13300865"]
[EventDate "2024.09.11"]

1. e4 e6 2. Qe2 Be7 3. Nf3 d5 4. d3 Nf6 5. g3 b5 6. Bg2 Bb7 7. e5 Nfd7 8. O-O c5
9. h4 Nc6 10. Bf4 h6 11. h5 b4 12. c3 bxc3 13. bxc3 Ba6 14. Nbd2 Nb6 15. Rfd1
Na4 16. Rdc1 Nb2 17. Ne1 c4 18. Qg4 Kf8 19. Rab1 Rb8 20. d4 Kg8 21. Be3 Ba3 22.
Nc2 Bf8 23. f4 Na4 24. f5 Rxb1 25. Nxb1 exf5 26. Qxf5 Bc8 27. Qf2 Be6 28. Ne1
Be7 29. Bf3 Nb6 30. Ng2 Qd7 31. Rf1 Bg5 32. Bd1 Ne7 33. Bc2 Bxe3 34. Nxe3 Nc6
35. Qf4 Qe7 36. Nd2 Qg5 37. Nf3 Qxh5 38. Nf5 g5 39. Qe3 Qh3 40. Nh2 Nc8 41. Rf3
g4 42. Rf4 N8e7 43. Rxg4+ Kf8 44. Nxe7 Nxe7 45. Rh4 Nf5 46. Bxf5 Qxf5 47. Rxh6
Qb1+ 48. Nf1 Rxh6 49. Qxh6+ Ke8 50. Qh8+ Kd7 51. Qa8 Qxa2 52. Qb7+ Ke8 53. Qb8+
Kd7 1/2-1/2

[Event "45th Olympiad 2024"]
[Site "Budapest HUN"]
[Date "2024.09.16"]
[Round "6.34"]
[Board "1"]
[White "Bagheri, Amir"]
[Black "Galaviz Medina, Sion Radamantys"]
[Result "0-1"]
[WhiteTitle "GM"]
[BlackTitle "IM"]
[WhiteElo "2372"]
[BlackElo "2488"]
[WhiteTeam "Monaco"]
[BlackTeam "Mexico"]
[WhiteFideId "12500283"]
[BlackFideId "5123119"]
[EventDate "2024.09.11"]

1. d4 Nf6 2. Nf3 e6 3. Bf4 c5 4. e3 d5 5. Nbd2 Nc6 6. Bb5 Bd6 7. dxc5 Bxc5 8. c4
O-O 9. O-O a6 10. Ba4 Nb4 11. Nb3 Be7 12. c5 Ne4 13. a3 Nc6 14. Rc1 Bd7 15. Nfd2
g5 16. Bg3 Nxg3 17. hxg3 Bf6 18. Qc2 Bg7 19. Qb1 f5 20. Nf3 Qf6 21. Rfd1 Rad8
22. Rd2 Be8 23. Qc2 Bh5 24. Bxc6 bxc6 25. Na5 Rc8 26. Nb7 Rb8 27. Na5 Be8 28. b4
e5 29. Qd1 h5 30. Qe2 g4 31. Nh4 Bh6 32. Qxa6 f4 33. Re1 Bg5 34. exf4 exf4 35.
Rde2 fxg3 36. fxg3 Bxh4 37. gxh4 Qxh4 38. Rf1 Rxf1+ 39. Kxf1 g3 40. Ke1 Qf4 41.
Nb3 h4 42. Qd3 Bh5 43. Qe3 Rf8 44. Qxf4 Rxf4 45. Re5 Bg4 46. Re3 Rf2 47. Re5 Kf7
48. Rg5 Rf4 49. Nc1 Re4+ 50. Kd2 h3 51. gxh3 g2 0-1

[Event "45th Olympiad 2024"]
[Site "Budapest HUN"]
[Date "2024.09.16"]
[Round "6.34"]
[Board "2"]
[White "Hernandez Guerrero, Gilberto"]
[Black "Efimov, Igor"]
[Result "0-1"]
[WhiteTitle "GM"]
[BlackTitle "GM"]
[WhiteElo "2482"]
[BlackElo "2338"]
[WhiteTeam "Mexico"]
[BlackTeam "Monaco"]
[WhiteFideId "5100011"]
[BlackFideId "806404"]
[EventDate "2024.09.11"]

1. e4 e6 2. d4 d5 3. Nc3 Nf6 4. Bg5 dxe4 5. Nxe4 Be7 6. Bxf6 gxf6 7. Nf3 a6 8.
Bd3 b5 9. Qe2 Nd7 10. a4 Bb7 11. O-O b4 12. Rfe1 Nf8 13. c4 Ng6 14. Qe3 f5 15.
Ned2 O-O 16. Nb3 Bf6 17. Bf1 c5 18. dxc5 Bxb2 19. Rad1 Qc7 20. Rd6 Bc6 21. Ng5
Rfe8 22. Qh3 Nf8 23. Re3 Bg7 24. a5 Ba4 25. Rb6 Bxb3 26. Rxb3 Qxc5 27. R6xb4 h6
28. Nf3 Qxa5 29. Qh5 Ng6 30. Rb7 Qa1 31. g4 fxg4 32. Qxg4 a5 33. Nh4 Nxh4 34.
Qxh4 a4 35. Rg3 a3 36. Qxh6 a2 37. Qh5 Qf6 38. Bd3 a1=Q+ 39. Kg2 Qae5 0-1

[Event "45th Olympiad 2024"]
[Site "Budapest HUN"]
[Date "2024.09.16"]
[Round "6.34"]
[Board "3"]
[White "Levacic, Damir"]
[Black "Ibarra Chami, Luis Fernando"]
[Result "1/2-1/2"]
[WhiteTitle "IM"]
[BlackTitle "GM"]
[WhiteElo "2097"]
[BlackElo "2427"]
[WhiteTeam "Monaco"]
[BlackTeam "Mexico"]
[WhiteFideId "600180"]
[BlackFideId "5105048"]
[EventDate "2024.09.11"]

1. d4 d5 2. c4 e6 3. Nc3 Bb4 4. a3 Bxc3+ 5. bxc3 Nf6 6. e3 c6 7. Qc2 O-O 8. Nf3
b6 9. cxd5 cxd5 10. Bd3 Ba6 11. Bxa6 Nxa6 12. Qd3 Qc7 13. Bd2 Nb8 14. O-O Nbd7
15. Rfc1 Rfc8 16. a4 a6 17. Be1 Ne8 18. Nd2 Nd6 19. f3 Nc4 20. Bg3 Qb7 21. Nb3
Qc6 22. Ra2 h6 23. Re1 b5 24. a5 Nd6 25. Bxd6 Qxd6 26. Qd2 Rc4 27. Nc1 Qc7 28.
Ne2 Ra4 29. Rea1 Qxa5 30. Rxa4 bxa4 31. Qa2 Nb6 32. Kf2 Re8 33. Qa3 Qb5 34. Ra2
Qd3 35. Nf4 Qd1 36. Qb4 Nc4 37. Qxa4 Qxa4 38. Rxa4 a5 39. e4 g5 40. Nh5 Ra8 41.
Ke2 Kf8 42. exd5 exd5 43. Nf6 Nb6 44. Ra2 a4 45. Kd3 Ke7 46. Ng4 h5 47. Ne3 Kd6
48. g3 Kc6 49. Nc2 Re8 50. Nb4+ Kb5 51. Ra1 Re6 52. Nxd5 Nxd5 53. c4+ Ka5 54.
cxd5 Re8 55. d6 Rd8 56. Kc4 Rxd6 57. Kc5 Rd8 58. d5 Rc8+ 59. Kd6 Rc3 60. Ke7
Re3+ 61. Kd7 a3 62. d6 Kb4 63. Kc7 Rc3+ 64. Kb7 Rd3 65. Kc7 Rc3+ 66. Kb7 Rd3 67.
Kc7 Rc3+ 68. Kb7 Rd3 1/2-1/2

[Event "45th Olympiad 2024"]
[Site "Budapest HUN"]
[Date "2024.09.16"]
[Round "6.34"]
[Board "4"]
[White "Palma Villanueva, Miguel Tadeo"]
[Black "Van Hoolandt, Patrick"]
[Result "1-0"]
[WhiteTitle "FM"]
[BlackTitle "FM"]
[WhiteElo "2266"]
[BlackElo "2036"]
[WhiteTeam "Mexico"]
[BlackTeam "Monaco"]
[WhiteFideId "5133483"]
[BlackFideId "200999"]
[EventDate "2024.09.11"]

1. e4 e5 2. Nf3 Nc6 3. Bb5 a6 4. Ba4 Nf6 5. O-O b5 6. Bb3 Bc5 7. c3 d6 8. d4
exd4 9. cxd4 Bb6 10. h3 h6 11. e5 dxe5 12. dxe5 Qxd1 13. Rxd1 Ng8 14. Nc3 Ra7
15. Nd5 Nge7 16. Nxb6 cxb6 17. Be3 Rb7 18. Rd6 Bd7 19. Rc1 O-O 20. e6 Be8 21.
exf7+ Rxf7 22. g4 Kf8 23. Bxf7 Kxf7 24. Nd4 Ne5 25. Ne6 Rb8 26. Nxg7 Kxg7 27.
Bd4 Rb7 28. Bxe5+ Kh7 29. Rd8 Bf7 30. b3 Bd5 31. Rc7 1-0

[Event "45th Olympiad 2024"]
[Site "Budapest HUN"]
[Date "2024.09.16"]
[Round "6.35"]
[Board "1"]
[White "Khusenkhojaev, Mustafokhuja"]
[Black "Galego, Luis"]
[Result "1-0"]
[WhiteTitle "FM"]
[BlackTitle "GM"]
[WhiteElo "2283"]
[BlackElo "2444"]
[WhiteTeam "Tajikistan"]
[BlackTeam "Portugal"]
[WhiteFideId "14700727"]
[BlackFideId "1900072"]
[EventDate "2024.09.11"]

1. d4 Nf6 2. c4 e6 3. g3 Bb4+ 4. Bd2 Bxd2+ 5. Qxd2 O-O 6. Bg2 d5 7. Nf3 Qe7 8.
O-O c5 9. cxd5 exd5 10. dxc5 Qxc5 11. Nc3 Nc6 12. Rac1 Be6 13. Rfd1 Qa5 14. Nd4
Rfd8 15. Nxc6 bxc6 16. Ne4 Qxa2 17. Nxf6+ gxf6 18. Qd4 Rab8 19. Qxf6 Qxb2 20.
Qg5+ Kh8 21. Rxc6 Qxe2 22. Qf6+ Kg8 23. Bf3 Qb2 24. Rd4 Bh3 25. Bg4 Qa1+ 26. Bd1
Qb1 27. Qg5+ Kh8 28. Rc7 Be6 29. Qf6+ 1-0

[Event "45th Olympiad 2024"]
[Site "Budapest HUN"]
[Date "2024.09.16"]
[Round "6.35"]
[Board "2"]
[White "Pereira, Ruben"]
[Black "Karimov, Alisher"]
[Result "1/2-1/2"]
[WhiteTitle "IM"]
[BlackTitle "FM"]
[WhiteElo "2457"]
[BlackElo "2240"]
[WhiteTeam "Portugal"]
[BlackTeam "Tajikistan"]
[WhiteFideId "1903063"]
[BlackFideId "14700280"]
[EventDate "2024.09.11"]

1. e4 c5 2. Nc3 e6 3. Nge2 Nc6 4. g3 d5 5. exd5 exd5 6. d4 Bg4 7. Bg2 Nxd4 8. h3
Bf3 9. Kf1 Qf6 10. Qd3 Bxg2+ 11. Kxg2 Nxe2 12. Qxe2+ Ne7 13. Nb5 Kd7 14. Re1 a6
15. Qg4+ Kc6 16. Qa4 Kd7 17. Nd6+ b5 18. Nxb5 Qc6 19. Qg4+ f5 20. Rxe7+ Bxe7 21.
Qxf5+ Ke8 22. Bg5 d4+ 23. Kg1 Bf6 24. Bxf6 gxf6 25. Re1+ Kf7 26. Qh5+ Kf8 27.
Na3 Re8 28. Rxe8+ Qxe8 29. Qxc5+ Kg7 30. Qa7+ Qf7 31. Qxd4 Re8 32. Qg4+ Kh8 33.
Qf3 Kg7 34. b3 Qe6 35. Kg2 Qe2 36. Qxe2 Rxe2 37. Kf3 Re1 38. Nc4 Kf7 39. Ne3 Ke6
40. Kf4 Re2 41. f3 Kd6 42. h4 Kc5 43. Ke4 Kb4 44. f4 Kc3 45. Kf3 Re1 46. Nd5+
Kxc2 47. Nb4+ Kd2 48. Nxa6 f5 49. Nb4 Re3+ 50. Kg2 Re2+ 51. Kf3 Re3+ 52. Kf2 1/2-1/2

[Event "45th Olympiad 2024"]
[Site "Budapest HUN"]
[Date "2024.09.16"]
[Round "6.35"]
[Board "3"]
[White "Ilkhomi, Jaloliddin"]
[Black "Sousa, Andre Ventura"]
[Result "1/2-1/2"]
[WhiteTitle "FM"]
[BlackTitle "IM"]
[WhiteElo "2227"]
[BlackElo "2403"]
[WhiteTeam "Tajikistan"]
[BlackTeam "Portugal"]
[WhiteFideId "14700948"]
[BlackFideId "1917617"]
[EventDate "2024.09.11"]

1. Nf3 Nf6 2. c4 e6 3. g3 d5 4. Bg2 dxc4 5. Qa4+ Bd7 6. Qxc4 c5 7. d4 Nc6 8. O-O
b5 9. Qd3 c4 10. Qc2 Rc8 11. Bg5 Be7 12. Rd1 O-O 13. Nc3 b4 14. d5 Nxd5 15. Nxd5
Bxg5 16. Nxg5 Qxg5 17. Ne3 Nb8 18. Nxc4 Bb5 19. b3 a5 20. Rac1 Nd7 21. Qb2 Bxc4
22. Rxd7 Bb5 23. Rxc8 Rxc8 24. Rd2 Qc5 25. Bf3 Qc3 26. Kg2 f5 27. e4 Bc6 28.
Qxc3 bxc3 29. Rc2 fxe4 30. Be2 Bd5 31. Kg1 a4 32. bxa4 Bxa2 33. a5 Bb3 34. Rc1
Kf7 35. a6 Kf6 36. Bd1 Bxd1 37. Rxd1 Ke5 38. a7 e3 39. fxe3 Ke4 40. Rd4+ Kxe3
41. Rc4 Rxc4 42. a8=Q c2 43. Qa3+ Ke2 44. Qc1 e5 45. Kg2 Rc3 46. Qf1+ Ke3 47.
Qf2+ Kd3 48. Qf3+ Kd4 49. Qf2+ Kc4 50. Qf7+ Kb4 51. Qb7+ Ka3 52. Qa6+ Kb2 53.
Qb5+ Ka2 54. Qa4+ Kb2 55. Qb5+ Ka2 56. Qa4+ Kb2 1/2-1/2

[Event "45th Olympiad 2024"]
[Site "Budapest HUN"]
[Date "2024.09.16"]
[Round "6.35"]
[Board "4"]
[White "Barria Santos, Jose Guilherme"]
[Black "Kabilov, Amin"]
[Result "0-1"]
[WhiteTitle "FM"]
[BlackTitle "CM"]
[WhiteElo "2411"]
[BlackElo "2212"]
[WhiteTeam "Portugal"]
[BlackTeam "Tajikistan"]
[WhiteFideId "1939300"]
[BlackFideId "14700859"]
[EventDate "2024.09.11"]

1. d4 Nf6 2. c4 g6 3. Nc3 Bg7 4. e4 O-O 5. Nf3 d6 6. h3 c5 7. d5 e6 8. Bd3 e5 9.
Bg5 h6 10. Be3 Nh5 11. Qd2 Kh7 12. g3 Qe7 13. O-O-O a6 14. Nh2 Re8 15. Be2 b5
16. Bxh5 gxh5 17. Qe2 Nd7 18. Qxh5 Nb6 19. Ng4 Qf8 20. Kb1 Bd7 21. Nxh6 Bxh6 22.
g4 Nxc4 23. Bc1 f6 24. h4 Qg7 25. g5 Qg6 26. Qf3 Rg8 27. Rdg1 Raf8 28. h5 Qg7
29. gxh6 Qxg1 30. Rxg1 Rxg1 31. Kc2 Bg4 32. Qd3 Rg2 33. b3 Rxf2+ 34. Kb1 Rf3 35.
Qc2 Ne3 36. Qh2 Nf1 37. Qh4 Rg8 38. Ne2 Bd7 39. Nf4 Rg5 40. Ne6 Rg8 41. Nf4 Rg5
42. Ne6 Rg8 43. Qh1 Rf2 44. Ng7 Nh2 45. Qe1 Ng4 46. Ne6 b4 47. a4 a5 48. Ka1 Be8
49. Ng7 Bd7 50. Ne6 Bc8 51. Kb1 Ba6 52. Qg1 Bd3+ 0-1

[Event "45th Olympiad 2024"]
[Site "Budapest HUN"]
[Date "2024.09.16"]
[Round "6.36"]
[Board "1"]
[White "Kantor, Gergely"]
[Black "Laohawirapap, Prin"]
[Result "1-0"]
[WhiteTitle "GM"]
[BlackTitle "IM"]
[WhiteElo "2537"]
[BlackElo "2380"]
[WhiteTeam "Hungary C"]
[BlackTeam "Thailand"]
[WhiteFideId "751499"]
[BlackFideId "6205003"]
[EventDate "2024.09.11"]

1. d4 Nf6 2. c4 e6 3. Nf3 d5 4. Nc3 c6 5. g3 dxc4 6. Ne5 b5 7. Bg2 Nd5 8. O-O
Bb7 9. a4 a6 10. e4 Nxc3 11. bxc3 Nd7 12. f4 Be7 13. Ng4 O-O 14. f5 Kh8 15. e5
exf5 16. Rxf5 f6 17. Qc2 g6 18. Rf1 f5 19. Nh6 Kg7 20. e6 Nf6 21. Nf7 Rxf7 22.
exf7 Kxf7 23. Bg5 Qd7 24. Rae1 Re8 25. Qd2 a5 26. h3 b4 27. g4 bxc3 28. Qxc3 Nd5
29. Qc1 Bxg5 30. Qxg5 Ne3 31. Rxe3 Qxd4 32. Rf3 c5 33. Rxf5+ gxf5 34. Qh5+ Kg7
35. Qxe8 Be4 36. Qe7+ Kh6 37. Qh4+ Kg7 38. Qg5+ Kh8 39. gxf5 1-0

[Event "45th Olympiad 2024"]
[Site "Budapest HUN"]
[Date "2024.09.16"]
[Round "6.36"]
[Board "2"]
[White "Kulpruethanon, Thanadon"]
[Black "Krstulovic, Alex"]
[Result "0-1"]
[WhiteTitle "FM"]
[BlackTitle "IM"]
[WhiteElo "2286"]
[BlackElo "2452"]
[WhiteTeam "Thailand"]
[BlackTeam "Hungary C"]
[WhiteFideId "6201610"]
[BlackFideId "760056"]
[EventDate "2024.09.11"]

1. d4 Nf6 2. c4 g6 3. Nc3 d5 4. cxd5 Nxd5 5. e4 Nxc3 6. bxc3 Bg7 7. Be3 c5 8.
Rc1 Qa5 9. Qd2 O-O 10. d5 Nd7 11. c4 Qxd2+ 12. Kxd2 b6 13. Ne2 e6 14. Nc3 Ne5
15. h3 Ba6 16. Nb5 Bxb5 17. cxb5 exd5 18. exd5 Rad8 19. f4 Nd7 20. Bc4 Nf6 21.
Kc2 Nxd5 22. Bd2 Nxf4 23. Bxf4 Rd4 24. Kb3 Rxf4 25. Rhf1 Rd4 26. Rce1 Rd2 27.
Re2 Rxe2 28. Bxe2 Re8 29. Bf3 Bd4 30. Kc4 Kg7 31. Kd5 f5 32. Rd1 Kf6 33. Kc6 Re3
34. Kb7 Ke5 35. Rc1 Ra3 36. Rc2 Be3 37. Be2 Kd4 38. Bc4 g5 39. Bb3 Kd3 40. Rc4
h5 41. Kc6 g4 42. Kd5 Rxb3 43. axb3 gxh3 44. gxh3 f4 0-1

[Event "45th Olympiad 2024"]
[Site "Budapest HUN"]
[Date "2024.09.16"]
[Round "6.36"]
[Board "3"]
[White "Juhasz, Agoston"]
[Black "Bodemar, Jonathan"]
[Result "1-0"]
[WhiteTitle "IM"]
[WhiteElo "2427"]
[BlackElo "2195"]
[WhiteTeam "Hungary C"]
[BlackTeam "Thailand"]
[WhiteFideId "778346"]
[BlackFideId "6205488"]
[EventDate "2024.09.11"]

1. e4 e6 2. d4 d5 3. Nc3 Nf6 4. e5 Nfd7 5. Nce2 c5 6. c3 Nc6 7. Nf3 Be7 8. a3 a5
9. Nf4 Qb6 10. h4 a4 11. Rh3 g6 12. Be2 Ra7 13. Kf1 Na5 14. Bd3 Nb3 15. Rb1 Nb8
16. Be3 Bd7 17. Kg1 Nc6 18. Ne2 h6 19. Rg3 Nca5 20. Nh2 Bb5 21. Ng4 h5 22. Nf6+
Bxf6 23. exf6 Bxd3 24. Qxd3 Qa6 25. Qc2 Nc4 26. Nf4 b5 27. dxc5 Qc6 28. Bd4 e5
29. Re1 Kf8 30. Bxe5 Nxe5 31. Rxe5 Qxf6 32. Rf3 Kg7 33. Ne6+ fxe6 34. Rxf6 Kxf6
35. Rxe6+ Kxe6 36. Qxg6+ Ke5 37. f4+ Kxf4 38. Qf6+ Ke3 39. Qxh8 d4 40. Qe5+ Kd3
41. c6 1-0